[Event "Bundesliga 9900"]
[Site "Deutschland"]
[Date "2000.04.09"]
[Round "15.7"]
[White "Rudolf, Henrik"]
[Black "Appel, Ralf"]
[Result "1-0"]
[WhiteElo "2344"]
[BlackElo "2475"]
[PlyCount "81"]
[EventDate "1999.10.09"]
[EventType "team"]
[EventRounds "15"]
[EventCountry "GER"]
[SourceTitle "Bundesliga 9900"]
[Source "DeepChess"]
[SourceDate "2005.01.01"]
[SourceVersion "1"]
[SourceVersionDate "2005.01.01"]
[SourceQuality "1"]
[WhiteTeam "SF Neukoelln 03 e.V."]
[BlackTeam "SV Castrop Rauxel 1923"]
[WhiteTeamCountry "GER"]
[BlackTeamCountry "GER"]

1. e4 g6 2. d4 Bg7 3. Nc3 c6 4. Nf3 d5 5. h3 Nh6 6. Bd3 O-O 7. O-O dxe4 8. Nxe4
Nf5 9. c3 Qc7 10. a4 a5 11. Re1 b6 12. Bd2 Nd7 13. Qb3 e6 14. g3 Qa7 15. Bf4
Bb7 16. Ne5 Rad8 17. Nc4 c5 18. dxc5 Nxc5 19. Nxc5 bxc5 20. Bf1 Ba8 21. Rad1
Rb8 22. Bxb8 Rxb8 23. Rd7 Rxb3 24. Rxa7 Bd5 25. Rxa5 Bxc4 26. Bxc4 Rxb2 27.
Ra8+ Bf8 28. Rd1 Kg7 29. a5 Nd6 30. Rxf8 Nxc4 31. Ra8 Ra2 32. a6 Nb6 33. Ra7 c4
34. Rb1 Nd5 35. Rbb7 Kf6 36. Rxf7+ Ke5 37. Rf3 Ke4 38. Kg2 h5 39. h4 Ra3 40.
Ra8 e5 41. a7 1-0

[Event "Bundesliga 9900"]
[Site "Deutschland"]
[Date "2000.04.09"]
[Round "15.8"]
[White "Hermesmann, Hans"]
[Black "Thiede, Lars"]
[Result "0-1"]
[WhiteElo "2271"]
[BlackElo "2386"]
[PlyCount "58"]
[EventDate "1999.10.09"]
[EventType "team"]
[EventRounds "15"]
[EventCountry "GER"]
[SourceTitle "Bundesliga 9900"]
[Source "DeepChess"]
[SourceDate "2005.01.01"]
[SourceVersion "1"]
[SourceVersionDate "2005.01.01"]
[SourceQuality "1"]
[WhiteTeam "SV Castrop Rauxel 1923"]
[BlackTeam "SF Neukoelln 03 e.V."]
[WhiteTeamCountry "GER"]
[BlackTeamCountry "GER"]

1. d4 Nf6 2. c4 g6 3. Nc3 Bg7 4. e4 d6 5. Be2 O-O 6. Bg5 Na6 7. h4 e5 8. d5 h6
9. Be3 Nc5 10. Qc2 c6 11. h5 cxd5 12. cxd5 Bd7 13. hxg6 fxg6 14. b4 Na6 15. a3
h5 16. f3 Nc7 17. Nh3 Nh7 18. O-O-O Qe8 19. Kb2 a5 20. Ra1 Rc8 21. Qd3 Na6 22.
Kb3 Bf6 23. Nb5 Qe7 24. Bb6 axb4 25. axb4 Ng5 26. Nf2 Ne6 27. dxe6 Bxe6+ 28.
Ka3 d5 29. Qd2 Rc2 0-1

[Event "Bundesliga 9900"]
[Site "Deutschland"]
[Date "2000.04.09"]
[Round "15.1"]
[White "Jussupow, Artur"]
[Black "Beliavsky, Alexander G"]
[Result "1/2-1/2"]
[WhiteElo "2636"]
[BlackElo "2618"]
[PlyCount "73"]
[EventDate "1999.10.09"]
[EventType "team"]
[EventRounds "15"]
[EventCountry "GER"]
[SourceTitle "Bundesliga 9900"]
[Source "DeepChess"]
[SourceDate "2005.01.01"]
[SourceVersion "1"]
[SourceVersionDate "2005.01.01"]
[SourceQuality "1"]
[WhiteTeam "SG 1868 Aljech. Solingen"]
[BlackTeam "SK Koenig Plauen"]
[WhiteTeamCountry "GER"]
[BlackTeamCountry "GER"]

1. d4 d5 2. c4 Nc6 3. e3 e5 4. cxd5 Qxd5 5. Nc3 Bb4 6. Bd2 Bxc3 7. bxc3 Nf6 8.
c4 Qd6 9. d5 Nb8 10. Qb1 Na6 11. Bd3 Nc5 12. Ne2 c6 13. e4 b5 14. Nc3 b4 15.
Nd1 cxd5 16. exd5 a5 17. Ne3 Rb8 18. Bc2 O-O 19. O-O g6 20. Qb2 Nfe4 21. Bxe4
Nxe4 22. Rfd1 Ba6 23. Be1 f5 24. a3 Rb6 25. axb4 axb4 26. Ra5 f4 27. Ng4 f3 28.
Rxa6 Rxa6 29. Bxb4 Nc5 30. Qxe5 Qxe5 31. Nxe5 Re8 32. Bxc5 Rxe5 33. gxf3 Kf7
34. Rb1 Ra4 35. Rb7+ Ke8 36. Be3 Rxc4 37. Rxh7 1/2-1/2

[Event "Bundesliga 9900"]
[Site "Deutschland"]
[Date "2000.04.09"]
[Round "15.2"]
[White "Kindermann, Stefan"]
[Black "Sadler, Matthew"]
[Result "1/2-1/2"]
[WhiteElo "2527"]
[BlackElo "2626"]
[PlyCount "53"]
[EventDate "1999.10.09"]
[EventType "team"]
[EventRounds "15"]
[EventCountry "GER"]
[SourceTitle "Bundesliga 9900"]
[Source "DeepChess"]
[SourceDate "2005.01.01"]
[SourceVersion "1"]
[SourceVersionDate "2005.01.01"]
[SourceQuality "1"]
[WhiteTeam "SK Koenig Plauen"]
[BlackTeam "SG 1868 Aljech. Solingen"]
[WhiteTeamCountry "GER"]
[BlackTeamCountry "GER"]

1. e4 c5 2. Nf3 d6 3. d4 cxd4 4. Nxd4 Nf6 5. Nc3 a6 6. f4 e5 7. Nf3 Nbd7 8. a4
Be7 9. Bd3 O-O 10. O-O exf4 11. Bxf4 Nc5 12. Kh1 Bg4 13. Qe1 Re8 14. Bc4 Be6
15. Bxe6 Nxe6 16. Be3 Rc8 17. Rd1 Qa5 18. Nd4 Qb4 19. Nf5 Bf8 20. Bc1 Kh8 21.
Nh6 Rc7 22. Qg3 Nxe4 23. Nxe4 Qxe4 24. Nxf7+ Kg8 25. Nh6+ Kh8 26. Nf7+ Kg8 27.
Nh6+ 1/2-1/2

[Event "Bundesliga 9900"]
[Site "Deutschland"]
[Date "2000.04.09"]
[Round "15.6"]
[White "Schaller, Sven"]
[Black "Lobron, Eric"]
[Result "1/2-1/2"]
[WhiteElo "2308"]
[BlackElo "2540"]
[PlyCount "84"]
[EventDate "1999.10.09"]
[EventType "team"]
[EventRounds "15"]
[EventCountry "GER"]
[SourceTitle "Bundesliga 9900"]
[Source "DeepChess"]
[SourceDate "2005.01.01"]
[SourceVersion "1"]
[SourceVersionDate "2005.01.01"]
[SourceQuality "1"]
[WhiteTeam "SK Koenig Plauen"]
[BlackTeam "SG 1868 Aljech. Solingen"]
[WhiteTeamCountry "GER"]
[BlackTeamCountry "GER"]

1. Nf3 e6 2. g3 d5 3. Bg2 c5 4. O-O Nc6 5. c4 Nf6 6. cxd5 exd5 7. d4 h6 8. b3
Bd6 9. Bb2 O-O 10. Na3 Qb6 11. dxc5 Bxc5 12. Bxf6 Bxa3 13. Bc3 Be6 14. Qd2 a5
15. Nd4 Nxd4 16. Bxd4 Qb5 17. Bc3 Rfc8 18. Rfd1 Qc5 19. Bb2 Bxb2 20. Qxb2 Qc2
21. Qxc2 Rxc2 22. Bxd5 Bxd5 23. Rxd5 Rxe2 24. Kf1 Rb2 25. Rb5 Ra6 26. Re1 Rxa2
27. Re8+ Kh7 28. Rxb7 Rf6 29. Re2 Ra3 30. Ra7 g5 31. Re5 Ra1+ 32. Re1 Ra3 33.
Re5 Rxb3 34. Raxa5 Kg6 35. Ra4 Rb2 36. Re2 Rb1+ 37. Re1 Rb2 38. Re2 Rfb6 39.
Rxb2 Rxb2 40. h4 f5 41. hxg5 hxg5 42. Kg2 g4 1/2-1/2

[Event "Bundesliga 9900"]
[Site "Deutschland"]
[Date "2000.04.09"]
[Round "15.7"]
[White "Naumann, Alexander"]
[Black "Haskamp, Stephan"]
[Result "0-1"]
[WhiteElo "2478"]
[BlackElo "2297"]
[PlyCount "110"]
[EventDate "1999.10.09"]
[EventType "team"]
[EventRounds "15"]
[EventCountry "GER"]
[SourceTitle "Bundesliga 9900"]
[Source "DeepChess"]
[SourceDate "2005.01.01"]
[SourceVersion "1"]
[SourceVersionDate "2005.01.01"]
[SourceQuality "1"]
[WhiteTeam "SG 1868 Aljech. Solingen"]
[BlackTeam "SK Koenig Plauen"]
[WhiteTeamCountry "GER"]
[BlackTeamCountry "GER"]

1. d4 d6 2. Nf3 g6 3. g3 Bg7 4. Bg2 Nd7 5. O-O e5 6. c4 Ne7 7. dxe5 dxe5 8. Qc2
O-O 9. Nc3 Nf5 10. e3 Nd6 11. Nb5 Nc5 12. Nd2 Bf5 13. e4 Bg4 14. Nxd6 Qxd6 15.
Nb3 Qd3 16. Qxd3 Nxd3 17. Be3 Nxb2 18. Rfc1 b6 19. a4 Rfd8 20. Bf1 Rd1 21. h3
Rxc1 22. Bxc1 Bd1 23. Bxb2 Bxb3 24. a5 f6 25. Bc1 Rd8 26. axb6 axb6 27. Be3 Bf8
28. Ra7 Bd6 29. h4 Bc2 30. f3 f5 31. exf5 Bxf5 32. Be2 Bd7 33. Bd3 Bc6 34. Be4
Bxe4 35. fxe4 Rf8 36. Kg2 h5 37. Bh6 Rb8 38. Be3 Kf7 39. Kf3 Ke6 40. Ke2 Kd7
41. Ra1 Kc6 42. Rf1 Rf8 43. Rd1 Ra8 44. Rf1 Ra2+ 45. Kd3 Ra3+ 46. Kd2 Ra2+ 47.
Kd3 Rg2 48. Rf3 b5 49. Bf2 b4 50. Rf6 Kd7 51. c5 Be7 52. c6+ Ke8 53. Rf3 b3 54.
Be3 b2 55. Rf1 Rxg3 0-1

[Event "Bundesliga 9900"]
[Site "Deutschland"]
[Date "2000.04.09"]
[Round "15.8"]
[White "Sandner, Gunter"]
[Black "Chandler, Murray G"]
[Result "0-1"]
[WhiteElo "2374"]
[BlackElo "2505"]
[PlyCount "98"]
[EventDate "1999.10.09"]
[EventType "team"]
[EventRounds "15"]
[EventCountry "GER"]
[SourceTitle "Bundesliga 9900"]
[Source "DeepChess"]
[SourceDate "2005.01.01"]
[SourceVersion "1"]
[SourceVersionDate "2005.01.01"]
[SourceQuality "1"]
[WhiteTeam "SK Koenig Plauen"]
[BlackTeam "SG 1868 Aljech. Solingen"]
[WhiteTeamCountry "GER"]
[BlackTeamCountry "GER"]

1. d4 Nf6 2. Nf3 d5 3. g3 Bf5 4. Bg2 e6 5. O-O Be7 6. c4 O-O 7. Nc3 c6 8. h3
Ne4 9. Qb3 Qb6 10. Na4 Qxb3 11. axb3 Nd7 12. g4 Bg6 13. Bf4 f6 14. Nc3 Nd6 15.
cxd5 exd5 16. Nh4 Bf7 17. Nf5 Nxf5 18. gxf5 Rfe8 19. Kh1 Nb6 20. Na4 Nc8 21.
Bf3 Bd6 22. Bg3 Bxg3 23. fxg3 Nd6 24. g4 Re3 25. Nc3 a6 26. Kg2 g6 27. fxg6
hxg6 28. Ra3 Kg7 29. Nd1 Re7 30. Ra1 g5 31. Rc1 Nb5 32. e3 Bg6 33. Kf2 Rae8 34.
Rg1 Kh6 35. Rg3 Nd6 36. Bh1 f5 37. Nc3 Rf7 38. Rf3 f4 39. exf4 gxf4 40. Kg1 Kg5
41. Rf2 Re3 42. Rf3 Rfe7 43. Rcf1 Bd3 44. R1f2 Re1+ 45. Kh2 Be4 46. Nxe4+ Nxe4
47. h4+ Kxh4 48. Rh3+ Kxg4 49. Bf3+ Kf5 0-1

[Event "Bundesliga 0001"]
[Site "Deutschland"]
[Date "2000.10.14"]
[Round "1.1"]
[White "Balcerak, Jakob"]
[Black "Dautov, Rustem"]
[Result "0-1"]
[WhiteElo "2413"]
[BlackElo "2606"]
[PlyCount "74"]
[EventDate "2000.10.14"]
[EventType "team"]
[EventRounds "15"]
[EventCountry "GER"]
[SourceTitle "Bundesliga 0001"]
[Source "DeepChess"]
[SourceDate "2005.01.01"]
[SourceVersion "1"]
[SourceVersionDate "2005.01.01"]
[SourceQuality "1"]
[WhiteTeam "TSV Schott Mainz"]
[BlackTeam "Godesberger SK 1929"]
[WhiteTeamCountry "GER"]
[BlackTeamCountry "GER"]

1. e4 c6 2. d4 d5 3. Nc3 dxe4 4. Nxe4 Bf5 5. Ng3 Bg6 6. h4 h6 7. Nf3 Nd7 8. h5
Bh7 9. Bd3 Bxd3 10. Qxd3 Ngf6 11. Bf4 Qa5+ 12. Bd2 Qc7 13. O-O-O e6 14. Ne4 Be7
15. Nxf6+ Bxf6 16. Qe4 O-O-O 17. Bf4 Qa5 18. Kb1 Rhe8 19. Bg3 Qf5 20. Qxf5 exf5
21. Nh4 Bxh4 22. Bxh4 f6 23. Bg3 Nb6 24. Rh4 Re4 25. Rxe4 fxe4 26. Re1 Rxd4 27.
c3 Rd5 28. Rxe4 Kd7 29. Rg4 Rg5 30. Rxg5 hxg5 31. Bb8 a6 32. Ba7 Nc4 33. Bd4
Ke6 34. Kc2 Kf5 35. b3 Ne5 36. Kd2 Nd7 37. Ke3 c5 0-1

[Event "Bundesliga 0001"]
[Site "Deutschland"]
[Date "2000.10.14"]
[Round "1.3"]
[White "Lisanti, Andre"]
[Black "Kengis, Edvins"]
[Result "0-1"]
[WhiteElo "2300"]
[BlackElo "2589"]
[PlyCount "110"]
[EventDate "2000.10.14"]
[EventType "team"]
[EventRounds "15"]
[EventCountry "GER"]
[SourceTitle "Bundesliga 0001"]
[Source "DeepChess"]
[SourceDate "2005.01.01"]
[SourceVersion "1"]
[SourceVersionDate "2005.01.01"]
[SourceQuality "1"]
[WhiteTeam "TSV Schott Mainz"]
[BlackTeam "Godesberger SK 1929"]
[WhiteTeamCountry "GER"]
[BlackTeamCountry "GER"]

1. e4 c5 2. Nf3 e6 3. d4 cxd4 4. Nxd4 a6 5. Bd3 g6 6. Nd2 Bg7 7. N2f3 Ne7 8. h4
h6 9. Qe2 Nbc6 10. c3 b5 11. Bf4 e5 12. Nxc6 Nxc6 13. Bg3 d6 14. b4 O-O 15. a4
bxa4 16. Rxa4 Bb7 17. h5 g5 18. O-O a5 19. b5 Nb8 20. Rd1 Nd7 21. Bb1 Nc5 22.
Ra2 Qc7 23. Rad2 Rfd8 24. Qe3 Rac8 25. Nxg5 hxg5 26. Qxg5 Bxe4 27. h6 Ne6 28.
Qg4 Bxb1 29. Rxb1 Qxc3 30. Rbd1 Qb4 31. Qh5 Bf6 32. Qf5 Rc1 33. Kh2 Rxd1 34.
Rxd1 Bh8 35. Rd3 Rd7 36. f4 exf4 37. Qg4+ Kf8 38. Bh4 f3 39. gxf3 Qxg4 40. fxg4
Be5+ 41. Bg3 Bxg3+ 42. Kxg3 Kg8 43. Ra3 Ra7 44. b6 Rb7 45. Rxa5 Rxb6 46. Ra7
Rb3+ 47. Kh4 Rb1 48. h7+ Kxh7 49. Rxf7+ Kg6 50. Rd7 Rd1 51. Kg3 Rd3+ 52. Kf2
Kg5 53. Re7 Nc5 54. Rg7+ Kf4 55. Ke2 Rg3 0-1

[Event "Bundesliga 0001"]
[Site "Deutschland"]
[Date "2000.10.14"]
[Round "1.4"]
[White "Kveinys, Aloyzas"]
[Black "Wornath, Kai Rudolf"]
[Result "1-0"]
[WhiteElo "2522"]
[BlackElo "2398"]
[PlyCount "121"]
[EventDate "2000.10.14"]
[EventType "team"]
[EventRounds "15"]
[EventCountry "GER"]
[SourceTitle "Bundesliga 0001"]
[Source "DeepChess"]
[SourceDate "2005.01.01"]
[SourceVersion "1"]
[SourceVersionDate "2005.01.01"]
[SourceQuality "1"]
[WhiteTeam "Godesberger SK 1929"]
[BlackTeam "TSV Schott Mainz"]
[WhiteTeamCountry "GER"]
[BlackTeamCountry "GER"]

1. c4 Nf6 2. Nc3 c5 3. g3 g6 4. Bg2 Bg7 5. Nf3 Nc6 6. d4 cxd4 7. Nxd4 Nxd4 8.
Qxd4 O-O 9. O-O d6 10. Qd3 a6 11. b3 Bf5 12. Qe3 Rb8 13. Bb2 b5 14. cxb5 axb5
15. Ne4 Nxe4 16. Bxg7 Kxg7 17. Bxe4 Bxe4 18. Qxe4 b4 19. Rfd1 Qd7 20. Rac1 Qb7
21. Qd4+ Kg8 22. Rc2 Rfc8 23. Rdc1 Rxc2 24. Rxc2 h5 25. e4 Kh7 26. Rc4 Qa6 27.
Qd2 Qb6 28. Kg2 Rb7 29. Qd5 Kg7 30. Rc8 Rb8 31. Rc6 Qb5 32. Qd4+ f6 33. Rc4 Qa5
34. Qd2 Qb5 35. h3 Rb7 36. h4 Rb8 37. Kf3 Rb7 38. Qd5 Qxd5 39. exd5 f5 40. Ke3
Kf6 41. f4 Rb5 42. Kd4 e5+ 43. dxe6 Kxe6 44. Rc8 Ra5 45. Kc4 Rxa2 46. Re8+ Kf7
47. Re3 Rc2+ 48. Kxb4 d5 49. Rc3 Rd2 50. Kc5 d4 51. Rf3 Rd1 52. Kc4 Ke6 53. Rd3
Rc1+ 54. Kxd4 Kd6 55. b4 Rb1 56. Kc4+ Kc6 57. Re3 Rc1+ 58. Kd4 Rd1+ 59. Ke5 Kb5
60. Kf6 Rd6+ 61. Kf7 1-0

[Event "Bundesliga 0001"]
[Site "Deutschland"]
[Date "2000.10.14"]
[Round "1.5"]
[White "Neidhardt, Claus Ulrich"]
[Black "Langheinrich, Ferenc"]
[Result "1/2-1/2"]
[WhiteElo "2429"]
[BlackElo "2384"]
[PlyCount "68"]
[EventDate "2000.10.14"]
[EventType "team"]
[EventRounds "15"]
[EventCountry "GER"]
[SourceTitle "Bundesliga 0001"]
[Source "DeepChess"]
[SourceDate "2005.01.01"]
[SourceVersion "1"]
[SourceVersionDate "2005.01.01"]
[SourceQuality "1"]
[WhiteTeam "TSV Schott Mainz"]
[BlackTeam "Godesberger SK 1929"]
[WhiteTeamCountry "GER"]
[BlackTeamCountry "GER"]

1. d4 Nf6 2. c4 g6 3. Nf3 Bg7 4. g3 O-O 5. Bg2 d6 6. O-O Nc6 7. Nc3 a6 8. b3
Rb8 9. Bb2 b5 10. cxb5 axb5 11. Rc1 b4 12. Nb1 Bb7 13. Qc2 Ra8 14. a4 bxa3 15.
Nxa3 Qb8 16. Nc4 Nb4 17. Qd2 Bd5 18. Ra1 Qb7 19. Rxa8 Rxa8 20. Ra1 Rb8 21. Ne1
Bxg2 22. Nxg2 c5 23. Nge3 cxd4 24. Bxd4 Ne4 25. Qd1 e5 26. Ra7 Qc6 27. Bb2 Re8
28. Ra4 Ng5 29. f3 d5 30. Rxb4 dxc4 31. Qd5 Qxd5 32. Nxd5 cxb3 33. Rxb3 Ne6 34.
Rb7 Nc5 1/2-1/2

[Event "Bundesliga 0001"]
[Site "Deutschland"]
[Date "2000.10.14"]
[Round "1.6"]
[White "Jackelen, Thomas"]
[Black "Bewersdorff, Oliver"]
[Result "1/2-1/2"]
[WhiteElo "2373"]
[BlackElo "2364"]
[PlyCount "50"]
[EventDate "2000.10.14"]
[EventType "team"]
[EventRounds "15"]
[EventCountry "GER"]
[SourceTitle "Bundesliga 0001"]
[Source "DeepChess"]
[SourceDate "2005.01.01"]
[SourceVersion "1"]
[SourceVersionDate "2005.01.01"]
[SourceQuality "1"]
[WhiteTeam "Godesberger SK 1929"]
[BlackTeam "TSV Schott Mainz"]
[WhiteTeamCountry "GER"]
[BlackTeamCountry "GER"]

1. Nf3 Nf6 2. c4 e6 3. g3 b6 4. Bg2 Bb7 5. O-O Be7 6. Nc3 O-O 7. Re1 d5 8. cxd5
Nxd5 9. Nxd5 Bxd5 10. e4 Bb7 11. d4 c5 12. d5 exd5 13. exd5 Bf6 14. Ne5 Bxe5
15. Rxe5 Nd7 16. Re1 Nf6 17. d6 Bxg2 18. Kxg2 Re8 19. Rxe8+ Qxe8 20. Bg5 Rd8
21. Bxf6 gxf6 22. Qg4+ Kf8 23. Rd1 Qe6 24. Qf3 Rxd6 25. Rxd6 Qxd6 1/2-1/2

[Event "Bundesliga 0001"]
[Site "Deutschland"]
[Date "2000.10.14"]
[Round "1.7"]
[White "Kienast, Joerg"]
[Black "Seger, Ruediger"]
[Result "1/2-1/2"]
[WhiteElo "2204"]
[BlackElo "2399"]
[PlyCount "113"]
[EventDate "2000.10.14"]
[EventType "team"]
[EventRounds "15"]
[EventCountry "GER"]
[SourceTitle "Bundesliga 0001"]
[Source "DeepChess"]
[SourceDate "2005.01.01"]
[SourceVersion "1"]
[SourceVersionDate "2005.01.01"]
[SourceQuality "1"]
[WhiteTeam "TSV Schott Mainz"]
[BlackTeam "Godesberger SK 1929"]
[WhiteTeamCountry "GER"]
[BlackTeamCountry "GER"]

1. e4 c6 2. d4 d5 3. exd5 cxd5 4. Bf4 Nc6 5. c3 Nf6 6. Bd3 Bg4 7. Ne2 e6 8. Nd2
Bd6 9. Bg3 O-O 10. O-O Rb8 11. Qe1 b5 12. a3 Qc7 13. Nb3 a5 14. Nc5 Rb6 15. h3
Bh5 16. f4 b4 17. Bh4 Bxe2 18. Qxe2 Be7 19. Rae1 bxc3 20. bxc3 Nb8 21. Kh1 Nbd7
22. Nxd7 Qxd7 23. f5 Re8 24. fxe6 Rxe6 25. Bf5 Rxe2 26. Bxd7 Rxe1 27. Rxe1 Nxd7
28. Rxe7 Rxe7 29. Bxe7 Nb6 30. Kg1 f6 31. Kf2 Kf7 32. Bd6 Ke6 33. Bf8 g6 34.
Ke3 h5 35. Bc5 Nc4+ 36. Kf4 g5+ 37. Kf3 Nd2+ 38. Ke3 Nc4+ 39. Kf3 Kf5 40. g4+
Kg6 41. a4 f5 42. Be7 hxg4+ 43. hxg4 Nb2 44. Bd8 Nxa4 45. Bxa5 Nb2 46. Bc7 Nc4
47. gxf5+ Kxf5 48. Kg3 Nd2 49. Ba5 g4 50. Kf2 Nc4 51. Bd8 Ke4 52. Kg3 Ne3 53.
Bg5 Nd1 54. Bd2 Kd3 55. c4 Kxc4 56. Kxg4 Kxd4 57. Kf3 1/2-1/2

[Event "Bundesliga 0001"]
[Site "Deutschland"]
[Date "2000.10.14"]
[Round "1.8"]
[White "Schmidt, Bodo"]
[Black "Muranyi, Karl Jasmin"]
[Result "0-1"]
[WhiteElo "2368"]
[BlackElo "2297"]
[PlyCount "124"]
[EventDate "2000.10.14"]
[EventType "team"]
[EventRounds "15"]
[EventCountry "GER"]
[SourceTitle "Bundesliga 0001"]
[Source "DeepChess"]
[SourceDate "2005.01.01"]
[SourceVersion "1"]
[SourceVersionDate "2005.01.01"]
[SourceQuality "1"]
[WhiteTeam "Godesberger SK 1929"]
[BlackTeam "TSV Schott Mainz"]
[WhiteTeamCountry "GER"]
[BlackTeamCountry "GER"]

1. d4 d5 2. Nf3 c6 3. Bf4 Bf5 4. e3 Qb6 5. Bd3 Bxd3 6. Qxd3 Qxb2 7. O-O e6 8.
c4 Nf6 9. Nbd2 Qb6 10. Rfb1 Qa6 11. Qb3 b6 12. a4 Qa5 13. Qc2 dxc4 14. e4 c3
15. Nc4 Qa6 16. Qxc3 Be7 17. Ncd2 O-O 18. Bxb8 Raxb8 19. Qxc6 Rfc8 20. Qb5 Qb7
21. Qd3 Rc7 22. Rc1 Rbc8 23. Rxc7 Rxc7 24. h3 Qc8 25. Qb5 h6 26. g3 Rc2 27. Kg2
Qc3 28. Rd1 Qb4 29. Rb1 Qc3 30. Rd1 Rb2 31. Qe5 Nd7 32. Qf4 g5 33. Qe3 Qxe3 34.
fxe3 Bb4 35. Kf1 Ra2 36. e5 f5 37. g4 Kf8 38. Ke2 Rxa4 39. Rc1 Ra2 40. Rc8+ Ke7
41. Rh8 a5 42. Rh7+ Kd8 43. Rxh6 Nf8 44. Kd3 b5 45. Rh8 a4 46. Rg8 a3 47. gxf5
exf5 48. Rxg5 Ra1 49. Rg7 Rc1 50. Ra7 Ne6 51. h4 Rc3+ 52. Ke2 f4 53. exf4 Nxf4+
54. Kd1 Kc8 55. e6 Kb8 56. Ne4 Rd3+ 57. Kc2 Kxa7 58. Ne5 Re3 59. Nc6+ Kb6 60.
Nxb4 Rxe4 61. d5 Nxe6 62. dxe6 Rxb4 0-1

[Event "Bundesliga 0001"]
[Site "Deutschland"]
[Date "2000.10.14"]
[Round "1.1"]
[White "Rabiega, Robert"]
[Black "Ftacnik, Lubomir"]
[Result "1/2-1/2"]
[WhiteElo "2487"]
[BlackElo "2608"]
[PlyCount "84"]
[EventDate "2000.10.14"]
[EventType "team"]
[EventRounds "15"]
[EventCountry "GER"]
[SourceTitle "Bundesliga 0001"]
[Source "DeepChess"]
[SourceDate "2005.01.01"]
[SourceVersion "1"]
[SourceVersionDate "2005.01.01"]
[SourceQuality "1"]
[WhiteTeam "SK Koenig Tegel 1949 e.V. "]
[BlackTeam "Hamburger SK 1830 e.V."]
[WhiteTeamCountry "GER"]
[BlackTeamCountry "GER"]

1. e4 d6 2. d4 Nf6 3. Bd3 e5 4. c3 d5 5. dxe5 Nxe4 6. Nf3 Nc6 7. Nbd2 Nc5 8.
Bb1 Bg4 9. h3 Bh5 10. O-O Be7 11. Re1 d4 12. Qe2 Qd7 13. Nb3 dxc3 14. bxc3 Na4
15. Qc4 Nb6 16. Qf4 Nd5 17. Qg3 Nxc3 18. Bc2 O-O-O 19. Bb2 Nb4 20. e6 Qd5 21.
Bxc3 Nxc2 22. Re5 Qd3 23. Rxh5 Qxc3 24. Rc1 fxe6 25. Qg4 Ba3 26. Qxe6+ Kb8 27.
Rb1 Rhe8 28. Qg4 Ne1 29. Na5 Nxf3+ 30. Qxf3 Re1+ 31. Rxe1 Qxe1+ 32. Kh2 Bd6+
33. g3 c6 34. Rb5 Rf8 35. Rxb7+ Ka8 36. Rf7 Rxf7 37. Qxc6+ Kb8 38. Qxd6+ Kc8
39. Qc6+ Kd8 40. Nb7+ Rxb7 41. Qxb7 Qxf2+ 42. Kh1 Qf1+ 1/2-1/2

[Event "Bundesliga 0001"]
[Site "Deutschland"]
[Date "2000.10.14"]
[Round "1.2"]
[White "Dorfman, Josif D"]
[Black "Muse, Mladen"]
[Result "1-0"]
[WhiteElo "2600"]
[BlackElo "2510"]
[PlyCount "65"]
[EventDate "2000.10.14"]
[EventType "team"]
[EventRounds "15"]
[EventCountry "GER"]
[SourceTitle "Bundesliga 0001"]
[Source "DeepChess"]
[SourceDate "2005.01.01"]
[SourceVersion "1"]
[SourceVersionDate "2005.01.01"]
[SourceQuality "1"]
[WhiteTeam "Hamburger SK 1830 e.V."]
[BlackTeam "SK Koenig Tegel 1949 e.V. "]
[WhiteTeamCountry "GER"]
[BlackTeamCountry "GER"]

1. Nf3 Nf6 2. c4 g6 3. Nc3 Bg7 4. e4 d6 5. d4 O-O 6. Be2 e5 7. Be3 exd4 8. Nxd4
Re8 9. f3 c6 10. Bf2 d5 11. exd5 cxd5 12. O-O Nc6 13. c5 Nh5 14. Qd2 Be5 15. g3
Bh3 16. Rfe1 Qf6 17. Nxd5 Qg7 18. Nb5 Red8 19. Rad1 Be6 20. Nd6 Bxb2 21. Rb1
Bd4 22. Bxd4 Nxd4 23. Nc7 Rab8 24. Nxe6 Nxe6 25. Bc4 Nxc5 26. Re7 Rd7 27. Rxd7
Nxd7 28. Nxf7 Nb6 29. Bb3 Qf6 30. Re1 Rf8 31. Re6 Qa1+ 32. Kg2 Qg7 33. Re7 1-0

[Event "Bundesliga 0001"]
[Site "Deutschland"]
[Date "2000.10.14"]
[Round "1.3"]
[White "Paulsen, Dirk"]
[Black "Kempinski, Robert"]
[Result "1-0"]
[WhiteElo "2431"]
[BlackElo "2498"]
[PlyCount "81"]
[EventDate "2000.10.14"]
[EventType "team"]
[EventRounds "15"]
[EventCountry "GER"]
[SourceTitle "Bundesliga 0001"]
[Source "DeepChess"]
[SourceDate "2005.01.01"]
[SourceVersion "1"]
[SourceVersionDate "2005.01.01"]
[SourceQuality "1"]
[WhiteTeam "SK Koenig Tegel 1949 e.V. "]
[BlackTeam "Hamburger SK 1830 e.V."]
[WhiteTeamCountry "GER"]
[BlackTeamCountry "GER"]

1. e4 c5 2. Nf3 d6 3. Bc4 e6 4. O-O Nf6 5. Re1 Be7 6. Bb3 O-O 7. c3 b6 8. d3
Nc6 9. Nbd2 Ba6 10. Nf1 Ne5 11. Bc2 Rc8 12. h3 Qc7 13. Bf4 Nfd7 14. Rc1 Ng6 15.
Bg3 Nde5 16. N1h2 Qd7 17. h4 Nxf3+ 18. Nxf3 e5 19. d4 cxd4 20. cxd4 Qg4 21.
dxe5 dxe5 22. Nxe5 Nxe5 23. Bxe5 Qxh4 24. Bb3 Qg5 25. Bc3 Bc5 26. Qf3 Rc6 27.
Rcd1 Qh4 28. g3 Qe7 29. e5 Rg6 30. Bc2 Bb7 31. Be4 Bxe4 32. Rxe4 Qe6 33. b4 Be7
34. Red4 Qxa2 35. Rd7 Qe6 36. Rxa7 Rg5 37. Rdd7 Rf5 38. Qe4 Bg5 39. Rd6 Qc8 40.
Rc6 Qe8 41. e6 1-0

[Event "Bundesliga 0001"]
[Site "Deutschland"]
[Date "2000.10.14"]
[Round "1.4"]
[White "Hansen, Sune Berg"]
[Black "Lipinsky, Fabian"]
[Result "1/2-1/2"]
[WhiteElo "2545"]
[BlackElo "2362"]
[PlyCount "113"]
[EventDate "2000.10.14"]
[EventType "team"]
[EventRounds "15"]
[EventCountry "GER"]
[SourceTitle "Bundesliga 0001"]
[Source "DeepChess"]
[SourceDate "2005.01.01"]
[SourceVersion "1"]
[SourceVersionDate "2005.01.01"]
[SourceQuality "1"]
[WhiteTeam "Hamburger SK 1830 e.V."]
[BlackTeam "SK Koenig Tegel 1949 e.V. "]
[WhiteTeamCountry "GER"]
[BlackTeamCountry "GER"]

1. e4 e5 2. Nf3 Nf6 3. Nxe5 d6 4. Nf3 Nxe4 5. d4 d5 6. Bd3 Nc6 7. O-O Be7 8. c4
Nb4 9. Be2 O-O 10. Nc3 b6 11. a3 Nxc3 12. bxc3 Nc6 13. cxd5 Qxd5 14. Bf4 Bd6
15. Be3 Bb7 16. c4 Qf5 17. Ng5 Bf4 18. Nh3 Bxe3 19. fxe3 Qd7 20. Bd3 g6 21. Qd2
Na5 22. Rae1 Qa4 23. Rf6 Nxc4 24. Qf2 Nd6 25. Ng5 Qa5 26. Qh4 h6 27. Qxh6 Qxe1+
28. Rf1 Qxe3+ 29. Kh1 Qxg5 30. Qxg5 Rae8 31. h4 Kg7 32. Rf4 Ne4 33. Qb5 Nf6 34.
Bc4 Nh5 35. Rg4 Nf6 36. Rg5 Rh8 37. Re5 a6 38. Qb3 Rxh4+ 39. Kg1 Rxd4 40. Rxe8
Nxe8 41. Bxf7 Nf6 42. Be6 Bd5 43. Bxd5 Nxd5 44. Qb2 c5 45. Qe2 Kf6 46. Qxa6 c4
47. Qc8 Rd1+ 48. Kf2 c3 49. Kf3 Ke5 50. Qe8+ Kd6 51. Qxg6+ Kc5 52. Qc2 Rd2 53.
Qc1 Kd4 54. g4 Rd3+ 55. Ke2 Rd2+ 56. Kf3 Rd3+ 57. Ke2 1/2-1/2